Liedtext - Die Ratten - Subway To Sally - Statistiken

Allgemein
  • Dieses Quiz wurde 9 mal gespielt
  • Das Durchschnittsergebnis liegt bei 170 aus 243
Antwortstatistiken
Antwort % Korrekt
da
100%
das
100%
Der
100%
der
100%
die
100%
Die
100%
Doch
100%
doch
100%
er
100%
Es
100%
es
100%
kann
100%
nicht
100%
Ratte
100%
Ratten
100%
Sie
100%
sie
100%
Aber
80%
alles
80%
als
80%
Am
80%
dann
80%
den
80%
ein
80%
einst
80%
hat
80%
ihr
80%
in
80%
kam
80%
mit
80%
nie
80%
sein
80%
seinem
80%
von
80%
war
80%
zu
80%
Auch
60%
Axt
60%
beraubt
60%
brachte
60%
brachten
60%
damit
60%
dannen
60%
fliehen
60%
friere
60%
gaben
60%
Garaus
60%
geglaubt
60%
gemacht
60%
genug
60%
gequält
60%
Gold
60%
großer
60%
größte
60%
Herren
60%
Hof
60%
ihm
60%
Jungfrau
60%
König
60%
kostbare
60%
Macht
60%
Man
60%
Menschen
60%
nur
60%
Pöbel
60%
Prediger
60%
Schiff
60%
schliefen
60%
schnell
60%
schon
60%
schönste
60%
schwimmen
60%
Sense
60%
sich
60%
Sich
60%
sicher
60%
sinkende
60%
Stahl
60%
Stoffe
60%
Tiere
60%
Tyrann
60%
um
60%
und
60%
Und
60%
verlassen
60%
Verstand
60%
Volk
60%
zurück
60%
allen
40%
gelacht
40%
Gott
40%
harte
40%
Hast
40%
Sicherheit
40%
sieht
40%
Strafe
40%
Teufel
40%
trifft
40%
über
40%
vom
40%
waren
40%
ziehen
40%
bereit
20%
brechen
20%
Entkommt
20%
fernem
20%
Fluten
20%
Fremde
20%
Glück
20%
Land
20%
Mast
20%
neigt
20%
Planken
20%
stürzen
20%
tief
20%
tödlicher
20%
träumten
20%
voran
20%
Keine übereinstimmenden Quizze gefunden
Verteilung der Resultate
Anzahl Personen mit jedem Resultat
Perzentil nach korrekt beantworteten Fragen
Ihre Resultats-Entwicklung
Sie haben dieses Quiz noch nicht gespielt